Tabasco resultados definitivos, tabulados basicos

Gespeichert in:
Bibliographische Detailangaben
Format: Buch
Sprache:Spanisch
Veröffentlicht: Aguascalientes INEGI 1996
Schlagworte:
Tags: Tag hinzufügen
Keine Tags, Fügen Sie das erste Tag hinzu!

MARC

LEADER 00000nam a2200000 4500
001 c131056
005 20221123124024.4
020 |a 970-13-1349-6 
041 0 |a spa 
044 |a MX 
245 1 0 |a Tabasco  |b resultados definitivos, tabulados basicos 
264 1 |a Aguascalientes  |b INEGI  |c 1996 
300 |a 315 s. 
610 2 0 |a demografia 
610 2 0 |a demografia sociálna